Príprava intermediátov pre syntézu chirálnych indolizidinolov bakalárska práca

Enregistré dans:
Détails bibliographiques
Auteur principal: Cvečko, Matej
Format: Livre
Langue:slovaque
Publié: Bratislava STU FCHPT 2018
Accès en ligne:Voir à l'OPAC
Tags: Ajouter un tag
Pas de tags, Soyez le premier à ajouter un tag!

MARC

LEADER 00000nam a2200000 a 4500
005 20260127134308.0
008 181031 2018 xo a 001 0 slo d
035 |a vtls011788486 
039 9 |y 201810311205  |z mschk03 
040 |a STUSCHK1  |b slo  |c STUSCHK1  |e AACR2 
100 1 |a Cvečko, Matej 
245 1 |a Príprava intermediátov pre syntézu chirálnych indolizidinolov  |b bakalárska práca  |c Matej Cvečko 
260 |a Bratislava  |b STU FCHPT  |c 2018 
300 |a 40 s.  |b il.  |c 25 cm 
500 |a Študijný program: chémia, medicínska chémia a chemické materiály 
500 |a Študijný odbor: chemické technológie, chémia 
500 |a Školiace pracovisko: Oddelenie organickej chémie 
500 |a Evid. číslo: FCHPT-13569-81894 
910 |a SCHK95 
999 |c 9045  |d 9045